Delito de lavado de activos y deberes positivos
محفوظ في:
| المؤلف الرئيسي: | |
|---|---|
| التنسيق: | غير معروف |
| اللغة: | الإنجليزية |
| منشور في: |
Santiago, Chile
Der Ediciones
2020
|
| الطبعة: | Segunda edición actualizada y complementada |
| سلاسل: | Ej Ensayos jurídicos
|
| الموضوعات: | |
| الوسوم: |
إضافة وسم
لا توجد وسوم, كن أول من يضع وسما على هذه التسجيلة!
|
MARC
| LEADER | 00000 a2200000 4500 | ||
|---|---|---|---|
| 003 | CL-VaPUC | ||
| 005 | 20210413181235.0 | ||
| 008 | 201229b ||||| |||| 00| 0 eng d | ||
| 999 | |c 432397 |d 432395 | ||
| 020 | |a 9789569959776 | ||
| 040 | |c Pontificia Universidad Católica de Valparaíso | ||
| 082 | 0 | 4 | |a 345.0268 ALB 2020 |
| 100 | 1 | |a Albertz Arévalo, Pablo Tomás |9 859058 |e autor | |
| 245 | |a Delito de lavado de activos y deberes positivos | ||
| 250 | |a Segunda edición actualizada y complementada | ||
| 260 | |a Santiago, Chile |b Der Ediciones |c 2020 | ||
| 300 | |a 260 páginas | ||
| 440 | |a Ej Ensayos jurídicos |9 859098 | ||
| 583 | |k Hugo Gaete |c 20201229 | ||
| 650 | 1 | |a Lavado de dinero |9 418443 |x Derecho penal | |
| 650 | 1 | |a Delito de cuello blanco |9 538787 |x Derecho penal | |
| 650 | 1 | |a Blanqueo de capitales |9 859486 |x Delitos económicos | |
| 852 | |a BIBCUR | ||
| 942 | |2 ddc |c BK | ||
| 952 | |0 0 |1 0 |2 ddc |4 0 |6 345_026800000000000_ALB_2020 |7 0 |8 A |9 577311 |a BIBDER |b BIBDER |d 2020-12-29 |e 22 |g 23500.00 |i 5580684 |l 4 |o 345.0268 ALB 2020 |p 5580684 |r 2024-10-07 |s 2024-10-03 |t 1 |v 23500.00 |w 2020-12-29 |y BK |k DER | ||